| 000 | 01348nam a2200361 i 4500 | ||
|---|---|---|---|
| 001 | 13457 | ||
| 003 | KOSZ 005 | ||
| 005 | 20200630132828.0 | ||
| 008 | 081003s1959 pl ab f f 000 0 pol | ||
| 015 | _aPB 1959/6415 | ||
| 040 |
_aWA N _cWA N _dKOSZ 005/RW |
||
| 041 | 0 |
_apol _bger _brus |
|
| 080 | _a691 | ||
| 080 | _a553 | ||
| 100 | 1 |
_aSkalmowski, Włodzimierz _d(1899-1980) _eAutor |
|
| 245 | 1 | 0 |
_aGipsy i anhydryty w Polsce : _bmożliwości i kierunki ich zastosowania / _cWłodzimierz Skalmowski ; Polska Akademia Nauk. Zakład Budownictwa. |
| 260 |
_aWarszawa : _bPaństwowe Wydawnictwo Naukowe, _c1959. |
||
| 300 |
_a87, [1] stron : _bilustracje, mapa ; _c24 cm. |
||
| 336 |
_aTekst _btxt _2rdacontent |
||
| 337 |
_aBez urządzenia pośredniczącego _bn _2rdamedia |
||
| 338 |
_aWolumin _bnc _2rdacarrier |
||
| 380 | _aKsiążki. | ||
| 490 | 1 |
_aStudia z Zakresu Budownictwa ; _vnr 4. |
|
| 504 | _aBibliografia na stronie [82]. | ||
| 546 | _aStreszczenie rosyjskie i niemieckie. | ||
| 658 | _aArchitektura i budownictwo | ||
| 650 | 4 | _aBudownictwo | |
| 650 | 4 | _aGips | |
| 710 | 2 |
_aPaństwowe Wydawnictwo Naukowe _4pbl. |
|
| 830 | 0 |
_aStudia z Zakresu Budownictwa ; _vnr 4. |
|
| 856 |
_uhttp://koha.tu.koszalin.pl/cgi-bin/koha/opac-detail.pl?biblionumber=13457 _yKatalog online BPK |
||
| 942 |
_2UKD _cKS |
||
| 999 |
_c13457 _d13457 |
||